000
00320nam a22001337a 4500
008
221121b ||||| |||| 00| 0 eng d
041
_a
eng
080
_2
VOLUME XLV
_a
159.9
082
_a
159.9CHA
100
_a
25
101
_a
PSI
245
_a
THE AMERICAN PHILOSOPHICAL ASSOCIATION
_c
CHAIRMAN.M.M
942
_2
udc
_c
BK
999
_c
58973
_d
58973